• 首页
  • 本馆介绍
  • 公告通知
  • 最新文献
  • 馆藏检索
  • 电子资源
  • 读者导购
  • 参考咨询
  • 我的图书馆
  • 登录
  • 详细信息显示
  • 放入我的书架
  • 预约/预借图书
  • 作者相关作品
  • 分类相关作品
  • 丛书相关作品
  • 出版社相关作品

书目信息

  • 表格格式
  • 工作单格式
  • 卡片格式
题名:
智慧教学 臻美课堂
    
 
作者: 吴申道 著
分册:  
出版信息: 北京   民主与建设出版社有限责任公司  2022.06
页数: 197页
开本: 24cm
丛书名: 名师名校名校长书系
单 册:
中图分类: G633.950.2
科图分类:
主题词: 美育--教学研究--中学
电子资源:
ISBN: 978-7-5139-2530-3
000 00890nam0 2200241 450
001 012001001611
005 20141202161032.0
010    @a978-7-5139-2530-3@dCNY45.00
100    @a20220905d2019 em y0chiy50 ea
101 0  @achi
102    @aCN@b110000
105    @ay z 000yy
106    @ar
200 1  @a智慧教学 臻美课堂@Azhi hui jiao xue zhen mei ke tang@f吴申道著
210    @a北京@c民主与建设出版社有限责任公司@d2022.06
215    @a197页@d24cm
225 1  @a名师名校名校长书系
330    @a本书共八章,内容包括我们所理解的美育、美育濡染、美育与德育融合、美育的渗透等,涵盖了让美育走近我们、中国美育的诞生成长、三驾马车——美育的当代价值、校园文化是学生美育濡染的起点、多渠道打通校园文化的美育源流等。
606 0  @a美育@x教学研究@x中学
690    @aG633.950.2@v5
701  0 @a吴申道@Awu shen dao@4著
801  0 @aCN@bAHXH@c20221111
905    @b1363533-7@dG633.950.2@e399@f5
    
    智慧教学 臻美课堂/吴申道著.-北京:民主与建设出版社有限责任公司,2022.06
    197页;24cm.-(名师名校名校长书系)
    
    
    ISBN 978-7-5139-2530-3:CNY45.00
    本书共八章,内容包括我们所理解的美育、美育濡染、美育与德育融合、美育的渗透等,涵盖了让美育走近我们、中国美育的诞生成长、三驾马车——美育的当代价值、校园文化是学生美育濡染的起点、多渠道打通校园文化的美育源流等。
●
相关链接 在E读中查询图书 在五车中查询图书 在当当中查询图书 在豆瓣中查询图书


正题名:智慧教学 臻美课堂     索取号:G633.950.2/399         预约/预借

序号 登录号 条形码 馆藏地/架位号 状态 备注
1 1363533   213635333   第一样本阅览室/ [索取号:G633.950.2/399] 在馆    
2 1363534   213635342   教育系资料室/ [索取号:G633.950.2/399] 在馆    
3 1363535   213635351   教育系资料室/ [索取号:G633.950.2/399] 在馆    
4 1363536   213635360   第四借阅区/ [索取号:G633.950.2/399] 在馆    
5 1363537   213635379   第四借阅区/ [索取号:G633.950.2/399] 在馆    
欢迎您!
大连网信软件有限公司© 版权所有